000
00267nam a22001097a 4500
008
170118b xxu||||| |||| 00| 0 eng d
020
_a
080165419X
041
_a
eng
080
_a
618.2
245
_a
NURSING CARE OF INFANTS AND CHILDREN
_c
WHALEY & WONG
942
_2
udc
_c
BK
999
_c
3132
_d
3132